000 01186 a2200241 4500
001 3150
005 20260407155424.0
008 260407a2003 arg spa d
003 AR-UNSa-BCEJYS
040 _aAR-UNSa-BCEJYS
_bspa
_cAR-UNSa-BCEJYS
080 _a336.226
_xTipos de impuestos. Impuestos directos e indirectos
245 1 0 _aEl impuesto sobre los bienes personales
_pteoría, técnica y práctica
020 _a978-987-01-0158-1
250 _a2a. ed.
264 1 _aBuenos Aires :
_bErrepar
_c2003
300 _axii, 276 p.
_c21 cm.
505 _a1. Conceptos generales - 2. La imposición sobre el patrimonio de las empresas - 3. La imposición sobre el patrimonio de las personas físicas - 4. Características del impuesto - 5. Objeto del impuesto - 6. Sujetos - 7. Exenciones - 8. Base imponible - 9. Normas de declaración e ingreso del gravámen - 10. Responsable sustituto - 11. Casos prácticos
942 _cBK
590 _aniveau_biblio:m niveau_hierar:0
100 1 _aLitvak, José D.
700 1 _aGebhardt, Jorge
856 4 1 _uhttps://biblioeco.unsa.edu.ar/pmb/images/libros/El Impuesto sobre los Bienes Personales-l116328.jpg
_yImagen de portada
_qimage/jpeg
999 _c283
_d283